План операции Северо-Западного фронта по прорыву укрепленной полосы финских войск на Карельском перешейке

RUSMARC
00004910cbm0a2200313#x 450
001f0981f47-8528-4ba0-9ef6-41e864d16b18
00520240702115633.0
100##$a20210730j19400122k###0rusy50 ca
1010#$arus
102##$aRU
1220#$ad19400122##
2001#$aПлан операции Северо-Западного фронта по прорыву укрепленной полосы финских войск на Карельском перешейке
$j22 января 1940 г.
251##$cДокумент
300##$aПодлинник
461#0$12001
$aФ. 37977
$1251
$cФонд
$1852
$j37977
462#0$12001
$aОп. 1
$1251
$cОпись
$1852
$j1
462#0$12001
$aД. 434
$vЛ. 2-34
$1251
$cДело
$1852
$j434
605##$aВторая мировая война в архивных документах (Комплекс оцифрованных архивных документов, кино- и фотоматериалов)
$lколлекция
$2acquisition_Prlib
$3LIBNET\UAF\0000088514
605##$aРеспублика Карелия: страницы истории
$lколлекция
$2acquisition_Prlib
$3LIBNET\UAF\0000062048
6061#$2nlr_sh
$3RU\NLR\AUTH\661370760
$aСоветско-финляндская война
$z1939 - 1940
$xВоенные операции
$yКарельский перешеек
$jДокументы и материалы
617##$aФинляндия
$f1940
$2prlib_sh
617##$aСССР
$f1940
$2prlib_sh
686##$a63.3(2)621-35ю11
$vLBC/M
$2rubbk
686##$a63.3(2)621-68ю11
$vLBC/M
$2rubbk
686##$a63.3(4Фин)62-68ю11
$vLBC/M
$2rubbk
801#0$aRU
$bПБ им. Б.Н. Ельцина
$c20210730
801#1$aRU
$bПБ им. Б.Н. Ельцина
$c20210730
$2rusmarc
801#2$aRU
$bПБ им. Б.Н. Ельцина
$c20210824
$2rusmarc
850##$aРоссийский государственный военный архив
852##$aРГВА
$jЛ. 2-34
035##$aLIBNET\0001172105
937##$d167627640
$hФедеральное архивное агентство
8564#$uhttp://readingroom.main.prlib.ru/item.aspx?id_node=n167627640&mode=full
Формат отображения